Normal view
MARC view
Entry Personal Name
001 - CONTROL NUMBER
- control field: 24695
003 - CONTROL NUMBER IDENTIFIER
- control field: OSt
005 - DATE AND TIME OF LATEST TRANSACTION
- control field: 20240715123852.0
008 - FIXED-LENGTH DATA ELEMENTS
- fixed length control field: 240715|| aca||aabn | a|a d
040 ## - CATALOGING SOURCE
- Original cataloging agency: OSt
- Transcribing agency: OSt
100 ## - HEADING--PERSONAL NAME
- Personal name: Wilson, Fiona M.
- Fuller form of name: (Fiona Margaret),
- Dates associated with a name: 1955-
670 ## - SOURCE DATA FOUND
- Source citation: Work cat.: (OSt)12632: Wilson, Fiona M. (Fiona Margaret), 1955- author., Organizational behaviour and work :